00767 a2200205 4500010001400000020002300014035001300037037001600050082001200066090001500078100001800093245010700111260003600218260003600254270006500290300002700355942002700382999001500409952013700424 aENG-89237 c695.00a8178241951 aEN-72770 bDBAD / VEN14a615.852 c9840d9840 aAlavi, Seema1 aIslam and healing :cby Seema Alavibloss and recovery of an Indo-Muslim medical tradition 1600-1900 / aRanikhetbPermanent Blackc2007 aNew DelhibOrient Longmanc2007 a`Himalayana', Mall Road, Ranikhet Cantt.,bRanikhete263 645 c22cm (Hb)axiii, 384p. cENadplk615.852 / ALA c9659d9659 00102ddc40718NFICaDBADbDBADeDBAD/PUBg695.00l0o615.852 ALApEN-72770r2008-09-15 00:00:00t1u10649v695.00w2008-09-15yEN